| 000 | 01131nas a2200337 4500 | ||
|---|---|---|---|
| 001 | BR2012000710 | ||
| 003 | BR-BrBNA | ||
| 005 | 20231205120056.0 | ||
| 007 | ta | ||
| 008 | 230509b bl.|||p| |||| 00| 00por d | ||
| 040 |
_aBR-BrBNA _bpor _cBiblioteca Nacional de Agricultura |
||
| 041 | _a(Pt) | ||
| 072 | _aL01; L20 | ||
| 100 | 1 | _aMatarazzo, S.V. | |
| 100 | 1 | _aSilva, I.J.O. da | |
| 100 | 1 | _aPerissinotto, M. | |
| 100 | 1 | _aFernandes, S.A. de | |
| 100 | 1 | _aMoura, D.J. de | |
| 100 | 1 | _aArcaro Júnior, I | |
| 100 | 1 | _aArcaro, J.R.P. | |
| 245 | 1 | _aMonitoramento eletrônico das respostas comportamentais de vacas em lactação alojadas em freestall climatizado | |
| 246 | 1 | _aElectronic monitoring on behavioral patterns of dairy cows in a cooling freestall | |
| 650 | _aVACA LEITEIRA | ||
| 650 | _aCOMPORTAMENTO ANIMAL | ||
| 650 | _aCLIMA | ||
| 650 | _aCONDIÇÃO AMBIENTAL | ||
| 650 | _aLACTAÇÃO | ||
| 773 | 0 |
_tRevista Brasileira de Engenharia de Biossistemas (Brazil) _xISSN 1981-7061 _g(Jan-Apr 2007), v.1(2) p. 41-49 _wBR2012000710 |
|
| 909 |
_a202311 _bLúcia _c55 _dLúcia Elande |
||
| 942 |
_2AGRIS _n0 _cANA |
||
| 999 |
_c216953 _d216953 |
||